¿Hacia una neo-territorialidad andina?: sistemas de movilidad y circulación migratoria de los campesinos bolivianos/
Gardado en:
| Autor Principal: | |
|---|---|
| Formato: | Libro |
| Etiquetas: |
Engadir etiqueta
Sen Etiquetas, Sexa o primeiro en etiquetar este rexistro!
|
MARC
| LEADER | 00000nam a22000007a 4500 | ||
|---|---|---|---|
| 003 | cru CIDCACS/IIS | ||
| 005 | 20180516155315.0 | ||
| 007 | ta | ||
| 008 | 180516t2002 ne |||p|r||| 00| 0 spa|| | ||
| 999 | |c 41419 |d 41419 | ||
| 040 | |c cru CIDCACS/IIS | ||
| 100 | 1 | |9 7207 |a Cortes, Genevieve | |
| 245 | 1 | 1 | |a ¿Hacia una neo-territorialidad andina?: |b sistemas de movilidad y circulación migratoria de los campesinos bolivianos/ |c Genevieve Cortes |
| 246 | |a The Andean Exodus: |b Transnational migration from Bolivia, Ecuador and Perú = La migración transformacional desde Bolivia, Educador y Perú | ||
| 300 | |a páginas 53-76 | ||
| 500 | |a Texto en inglés y español | ||
| 942 | |2 ddc |c PP | ||
| 773 | 0 | |0 19222 |9 2009 |a Centro de Estudios Latinoamericanos y Documentación |d Amsterdam, Países Bajos: Centro de Estudios Latinoamericanos y Documentación |o 18759 |t Cuadernos del Cedla / | |
